| 000 | 00959nam a2200229Ia 4500 | ||
|---|---|---|---|
| 003 | Ost | ||
| 005 | 20260507075358.0 | ||
| 008 | 260507s9999||||xx |||||||||||||| ||und|| | ||
| 020 | _a375216995797 | ||
| 040 | _cfsecg | ||
| 041 | _aara | ||
| 082 | _a330 | ||
| 100 |
_aالفقي، عبد اللاه ابراهيم _eمؤلف |
||
| 245 | 0 |
_aنظم المعلومات المحوسبة ودعم اتخاذ القرار / _c عبد اللاه ابراهيم الفقي |
|
| 260 |
_aعمان: _bدار الثقافة للنشر والتوزيع, _c2012 |
||
| 300 |
_a215 صفحة؛ _bإيضاحات ؛ _c25 سم |
||
| 504 | _aالمراجع ص.211 | ||
| 520 | _aالنظام- تحليل وتصميم النظم والتصميم التعليمي- نظم دعم القرار- أنظمة المعلومات- محلل النظم | ||
| 653 | _aاتخاذ القرار | ||
| 653 | _aنظم المعلومات- المؤسسة الممتدة | ||
| 942 | _cكتاب | ||
| 999 |
_c44251 _d44251 |
||